<The> Synthesizer Generator <A> System for Constructing Language - Based Editors
Enregistré dans:
| Auteur principal: | |
|---|---|
| Autres auteurs: | |
| Format: | Livre |
| Langue: | anglais |
| Publié: |
New York
Springer
1989
|
| Édition: | 1. ed. |
| Tags: |
Pas de tags, Soyez le premier à ajouter un tag!
|
MARC
| LEADER | 00000nam a2200000 4500 | ||
|---|---|---|---|
| 001 | c034019 | ||
| 005 | 20221215114523.5 | ||
| 041 | 0 | |a eng | |
| 044 | |a US | ||
| 245 | 1 | 0 | |a <The> Synthesizer Generator |b <A> System for Constructing Language - Based Editors |c Thomas W. Reps, Tim Teitelbaum |
| 250 | |a 1. ed. | ||
| 264 | 1 | |a New York |b Springer |c 1989 | |
| 300 | |a 317 s. | ||
| 100 | 1 | |a Reps, Thomas W. | |
| 700 | 1 | |a Teitelbaum, Tim | |